00649nam a2200181 a 4500008004100000020002200041100002300063245008200086246004700168260004600215300002100261504005300282650004800335650005700383003000100440005001700441040000900458  a0768903920 (pbk.)1 aKornegay, Michele.10aPeterson's game plan for getting into business school /cMichele F. Kornegay.30aGame plan for getting into business school a[Princeton, N.J.?] :bPeterson's,cc2000. a171 p. ;c24 cm. aIncludes bibliographical references : p. 165-166 0aBusiness schoolszUnited StatesxAdmission. 0aUniversities and collegeszUnited StatesxAdmission.20230123133857.0 cNUST